000 00320nam a22001337a 4500
008 180806b xxu||||| |||| 00| 0 eng d
082 _a813.52
245 _aBrowstone Diploma for Windows to accompany
_cStrickland,Th
260 _c2001
300 _a1
_fCD
440 _x8882242335
760 _b12th
942 _2ddc
_cMX
999 _c46838
_d46838